|
|
|
|
| LEADER |
00754ncm a22002292a 4500 |
| 001 |
001216108 |
| 003 |
CZ BrMZK |
| 005 |
20120524131532.0 |
| 007 |
qu |
| 008 |
120524s1910 gw |||||||||||||||||zxx d |
| 040 |
|
|
|a BOA001
|b cze
|
| 072 |
|
7 |
|a 786
|x Hudba pro klávesové nástroje
|2 Konspekt
|9 9
|
| 100 |
1 |
|
|a Brahms, Johannes,
|d 1833-1897
|7 jn19990001019
|4 cmp
|
| 245 |
1 |
0 |
|a Scherzo (Es moll), Op. 4
|h [hudebnina] :
|b für Pianoforte /
|c Johannes Brahms
|
| 260 |
|
|
|a Berlin :
|b Simrock,
|c [1910?]
|
| 300 |
|
|
|a 11 s.
|
| 490 |
1 |
|
|a Universal-Edition ;
|v Nr. 2257
|
| 830 |
|
0 |
|a Universal-Edition
|
| 910 |
|
|
|a BOA001
|b Mus4-0396.912
|
| 990 |
|
|
|a MU
|
| 991 |
|
|
|b 201205
|
| 996 |
6 |
|
|b 2619621197
|c Mus4-0396.912
|l MZK
|r Sklad / do 1 hodiny
|n 0
|w 001249789
|u 000010
|a 1
|e BOA001
|j MZK50
|s P
|